| 000 | 00990nam a2200289 a 4500 | ||
|---|---|---|---|
| 001 | 55 | ||
| 003 | BD-RjUL | ||
| 005 | 20211208233113.0 | ||
| 008 | 150129s2004 bg b 001 0 eng | ||
| 020 | _a9840517023 | ||
| 035 | _a(DLC) 2004329918 | ||
| 040 |
_aDLC _cDLC _beng |
||
| 041 | _aeng | ||
| 082 |
_222 _a342.5492068 _bALB 2011 |
||
| 100 | 1 |
_aShawkat Ali, A. M. M. _9115480 |
|
| 245 | 1 | 0 |
_aBangladesh civil service : _ba political-administrative perspective / _cA.M.M. Shawkat Ali. |
| 260 |
_aDhaka : _bUniversity Press, _cc2004 [Impression 2011]. |
||
| 300 |
_axxiii, 348 p. ; _c22 cm. |
||
| 504 | _aIncludes bibliographical references (p. [321]-333) and index. | ||
| 650 | 0 |
_aCivil service _zBangladesh. _9115481 |
|
| 650 | 0 |
_aCivil service ethics _zBangladesh. _9115482 |
|
| 650 | 0 |
_aPatronage, Political _zBangladesh. _9115483 |
|
| 650 | 0 |
_aGovernment executives _zBangladesh _xPublic opinion. _9115484 |
|
| 942 |
_2ddc _cBK |
||
| 999 |
_c55 _d55 |
||